| 000 | 00944nam a22003137a 4500 | ||
|---|---|---|---|
| 003 | CHAP | ||
| 005 | 20220329134820.0 | ||
| 008 | 971013s1983 r 00010 d | ||
| 010 | _a26408 | ||
| 011 | _a27380 | ||
| 035 | _a31481 | ||
| 040 | _cCHAP | ||
| 090 | _aFolleto 11420 | ||
| 110 |
_aIowa State University. Ames. Midwest Plan Service _960293 |
||
| 245 | _aSolar livestock housing handbook | ||
| 260 |
_aAmes : _bThe University, _c1983 |
||
| 300 |
_a88 p. _b: ilus. ; gráfs |
||
| 490 |
_aMWPS _v; 3 |
||
| 590 |
_aBATCH-UPD _b10 _c20130110 _lUCH01 _h1709 |
||
| 590 |
_aBATCH-UPD _b10 _c20130410 _lUCH01 _h1055 |
||
| 590 |
_aBATCH-UPD _b10 _c20130914 _lUCH01 _h1307 |
||
| 590 |
_aCONVERSION _b10 _c20130109 _lUCH01 _h1315 |
||
| 650 | 1 | 4 |
_aEnergía solar. _936911 |
| 650 | 1 | 4 |
_aGanado _xAlojamiento. _944890 |
| 830 | 0 |
_aMWPS _v; 3 _979923 |
|
| 901 | _aBK | ||
| 942 | _cFOLL | ||
| 949 |
_aFolleto 11420 _bBC _cFOLL _d-72753 _eTS1 _gI.C/E _i31481 _si |
||
| 999 |
_c26408 _d26408 |
||